Fast Typing A to Z (hard) - Statistics

General Stats
  • This quiz has been taken 150 times
  • The average score is 24 of 26
Answer Stats
Answer % Correct
A
100%
B
98%
C
98%
D
98%
E
98%
F
96%
G
96%
H
96%
I
95%
J
95%
K
95%
L
94%
M
94%
N
94%
O
94%
P
94%
Q
90%
R
89%
S
86%
T
86%
U
86%
V
85%
W
83%
X
82%
Y
80%
Z
79%
No matching quizzes found
Score Distribution
Percent of People with Each Score
Percentile by Number Answered
Your Score History
You have not taken this quiz